000 00577nam a2200241 a 4500
001 nice12345678
003 IN_TiNIC
005 20260116011302.0
008 050524s0000 laha grp 000 0 urd
020 _a
_c2
082 0 0 _a297.24
_bMOH
100 _aMohammad Ali,
245 _aAn-Nabuwwa Fil Islam
260 _aLahore
_bAhmadiyya Anjuman Ishaat-E-Islam
_c0000
300 _a344p
500 _aincludes index and biblioraphy
505 2 _aAppendix
650 _aIslam-Prophecy
700 1 _aMohammad Ali,
902 _bSRS
942 _cBK
999 _c174
_d174